Capitales sans les lettres de "Mexico" - Statistiques

Statistiques générales
  • Ce quiz a été pris 3 fois
  • Le résultat moyen est 7 sur 16
Statistiques - réponses
Continents Capitales % Correct
Afrique Abuja
67%
Asie Ankara
67%
Asie Bagdad
67%
Afrique Dakar
67%
Asie Jakarta
67%
Europe Ljubljana
67%
Afrique Rabat
67%
Asie Astana
33%
Afrique Banjul
33%
Afrique Luanda
33%
Afrique Lusaka
33%
Amérique du Nord Nassau
33%
Asie Sanaa
33%
Océanie Suva
33%
Océanie Tarawa-Sud
0%
Europe Vaduz
0%
Aucun quiz correspondant
Distribution des résultats
% des personnes avec chaque résultat
Percentile par nombre de réponses
Votre historique - résultats
Vous n’avez pas pris ce quiz